000 00458nam a2200181Ia 4500
001 4594
005 20260306145807.0
008 260306t2004||||xx |||||||||||||| ||spa||
041 _aESP
082 _a327.111
_bM61
100 _aMindreau Montero, Manuel
_eAUT
245 0 _aIntroducción a la teoría de las relaciones internacionales
260 _c2004
300 _a239 páginas :
_ccm.
650 _aGEN
654 _aCHU
942 _cLIB
_dJUS
_fJUS
_2ddc
_n
999 _c4594
_d4594